00336nam a22001337a 4500003000400000005001700004008004100021040000800062050001800070082001800088245004900106260003700155300001000192OSt20260410034333.0260410b |||||||| |||| 00| 0 eng d cDLC a294.3bAM491B a294.3bAM491B aThe Buddha And His Dhammacby B. R. Ambedkar aChennai:bWestland Books,c2026. a460p.